000 00740nam a2200253Ia 4500
003 OSt
005 20220928131438.0
006 a|||||r|||| 00| 0
007 ta
008 220927b |||||||| |||| 00| 0 eng d
020 _cEURO 129.99
024 _a143712
037 _b260, 12/03/2020, Classic Book Service
_cTextual
040 _aSDCL
_cSDCL
_beng
041 _2eng
_aeng
082 _aD651:4, Q9
100 _aLee Weng Fook
_9478160
245 0 _aLearning from VLSI design experience
260 _aCham
_bSpringer
_c2019
300 _axxix,214p.
_ccm.
650 _aElectronic Science
942 _hD651:4, Q9
_cTEXL
_2CC
999 _c790667
_d790667